| 000 | 00866cam a22002655a 4500 | ||
|---|---|---|---|
| 001 | OXO 9781405106764 | ||
| 003 | OSt | ||
| 005 | 20201128021530.0 | ||
| 008 | 020805s2003 maua frb 001 0 eng d | ||
| 020 | _a9781405106764 | ||
| 040 |
_aStDuBDS _cStDuBDS _dUk _dEG-ScBUE _beng |
||
| 082 | 0 | 4 |
_a330.015195 _222 _bCOM |
| 245 | 0 | 2 |
_aA companion to Theoretical econometrics / _cedited by Badi H. Baltagi. |
| 246 | 3 | 0 | _aTheoretical econometrics |
| 260 |
_aMalden : _aOxford : _bBlackwell Publishing Ltd., _c2003. |
||
| 300 |
_axviii, 709 p. : _bill. ; _c24 cm. |
||
| 500 | _aIndex : p. 700-709. | ||
| 504 | _aIncludes bibliographical references. | ||
| 650 | 7 |
_aEconometrics. _2BUEsh _93215 |
|
| 650 | 7 |
_aEconomics, Mathematical. _91252 _2BUEsh |
|
| 651 | _2BUEsh | ||
| 653 |
_bBUSECO _cAugust2015 _cNovember2015 |
||
| 700 | 1 |
_aBaltagi, Badi H., _eeditor. |
|
| 942 | _2ddc | ||
| 999 |
_c20694 _d20666 |
||